Rafael Altamira: historia, literatura y derecho : (Record no. 197704)

MARC details
000 -LEADER
campo de control de longitud fija 01714nam a2200361 i 4500
001 - NÚMERO DE CONTROL
campo de control 197704
003 - IDENTIFICADOR DE NÚMERO DE CONTROL
campo de control ES-MaACL
005 - FECHA Y HORA DE LA ÚLTIMA TRANSACCIÓN
campo de control 20250828063305.0
008 - DATOS DE LONGITUD FIJA--INFORMACIÓN GENERAL
campo de control de longitud fija 250630s2004 sp | o||| ||spa
016 7# - NÚMERO DE CONTROL DE UNA AGENCIA BIBLIOGRÁFICA NACIONAL
Número de control del registro bimoBNE20050210430
Fuente SpMaBN
017 ## - NÚMERO DE COPYRIGHT O DE DEPÓSITO LEGAL
Número de copyright o de depósito legal MU 1816-2004
Agencia que asigna Oficina Depósito Legal Murcia
020 ## - NÚMERO INTERNACIONAL ESTÁNDAR DEL LIBRO
Número Internacional Estándar del Libro 8479087854
035 ## - NÚMERO DE CONTROL DEL SISTEMA
Número de control de sistema (OCoLC)59010993
035 ## - NÚMERO DE CONTROL DEL SISTEMA
Número de control de sistema (SpMaBN)bimo0002015391
040 ## - FUENTE DE CATALOGACIÓN
Centro catalogador/agencia de origen SpMaBN
Lengua de catalogación spa
Centro/agencia transcriptor SpMaBN
Normas de descripción rdc
080 ## - NÚMERO DE LA CLASIFICACIÓN DECIMAL UNIVERSAL
Número de la Clasificación Decimal Universal 929 Altamira, Rafael (063)
111 1# - ENTRADA PRINCIPAL--NOMBRE DE CONGRESO/REUNIÓN
Nombre de congreso/reunión o jurisdicción como elemento de entrada Congreso Internacional Rafael Altamira
Sede del congreso/Lugar de la reunión San Vicente del Raspeig
Fecha del congreso o de la firma del tratado 2002
9 (RLIN) 242109
245 00 - MENCIÓN DEL TÍTULO
Título Rafael Altamira: historia, literatura y derecho :
Resto del título actas del congreso internacional celebrado en la Universidad de Alicante, del 10 al 13 de diciembre de 2002 /
Mención de responsabilidad, etc. Enrique Rubio Cremades y Eva Mª Valero Juan (editores).
260 ## - PUBLICACIÓN, DISTRIBUCIÓN, ETC.
Lugar de publicación, distribución, etc. San Vicente del Raspeig :
Nombre del editor, distribuidor, etc. Universidad de Alicante,
Fecha de publicación, distribución, etc. 2004.
300 ## - DESCRIPCIÓN FÍSICA
Extensión 276 páginas :
Otras características físicas ilustraciones, gráficos ;
Dimensiones 24 cm.
336 ## - TIPO DE CONTENIDO
Fuente rdacontent
Término de tipo de contenido texto
337 ## - TIPO DE MEDIO
Fuente rdamedia
Nombre/término del tipo de medio sin mediación
338 ## - TIPO DE SOPORTE
Fuente rdacarrier
Nombre/término del tipo de soporte volumen
500 ## - NOTA GENERAL
Nota general Actas del Congreso Internacional Rafael Altamira, celebrado en la Universidad de Alicante, del 10n al 13 de diciembre de 2002.
600 #0 - PUNTO DE ACCESO ADICIONAL DE MATERIA--NOMBRE DE PERSONA
Nombre de persona Altamira, Rafael,
Fechas asociadas al nombre 1866-1951-
Subdivisión de forma Congresos y asambleas
Fuente del encabezamiento o término embne
9 (RLIN) 241163
700 1# - ENTRADA AGREGADA--NOMBRE PERSONAL
Nombre de persona Rubio Cremades, Enrique
Fechas asociadas al nombre 1945-
9 (RLIN) 241164
Término indicativo de función/relación Editor literario
700 1# - ENTRADA AGREGADA--NOMBRE PERSONAL
Nombre de persona Valero Juan, Eva María
9 (RLIN) 241165
Término indicativo de función/relación Editor literario
852 ## - LOCALIZACIÓN
Ubicación ES-MaACL
Ubicación en estantería Depósito J
Número de control de estantería N-10567
Encuadernación Encuadernación rústica
itemnumber 206690
Donativo/Legado Donación: Editorial
942 ## - ELEMENTOS DE ENTRADA SECUNDARIOS (KOHA)
Tipo de ítem Koha Libro impreso
Suprimir en OPAC No
Holdings
Estatus retirado Estado de pérdida Fuente del sistema de clasificación o colocación Estado de daño No para préstamo Biblioteca de origen Biblioteca actual Ubicación en estantería Fecha de adquisición Fuente de adquisición Total de préstamos Signatura topográfica completa Código de barras Visto por última vez Precio de reemplazo Tipo de ítem Koha
    Clasificación decimal universal     Biblioteca del Ateneo de Madrid Biblioteca del Ateneo de Madrid Depósito J 26/08/2025 Donación   N-10567 2025-1066 26/08/2025 26/08/2025 Libro impreso